000 00537cam a22002054a 4500
005 20250605164157.0
008 250528s ||||||||||||||||||||||||d
035 _a19651
020 _a9604059173
040 _aGR-AtMCL
_bgre
_dGR-AtMCL
_eAACR2
245 1 _aΧΡΗΣΙΜΟΠΟΙΩΝΤΑΣ ΤΙΣ ΔΥΝΑΤΟΤΗΤΕΣ ΤΟΥ AUTOCAD R14
250 _a1
260 _bΊων,
_c1999
300 _a609
700 1 _aKrishnan G.V
_95857
700 1 _aStellman Thomas A
_95858
942 _cBK
999 _c4907
_d4907